000 00620nam a22002177a 4500
003 OSt
005 20140310182826.0
008 130528t xxu||||| |||| 00| 0 eng d
020 _a076842108X
050 _aBT 767
_b.H853 1991
082 _aM234
_bB81 1991
245 _aFlowing in the Holy Spirit :
_ba practical handbook on the gifts of the Spirit
_cBrowne, Rodney M.
250 _aRev. ed.
260 _aShippensburg, PA
_bDestiny Image Publishers
_cc2000
300 _avii, 128 p.
_c23 cm.
521 _acollege students
526 _c1210L-1700L
541 _j1
562 _e1
942 _2lcc
_cBK
_kM
999 _c16505
_d16505